| 000 | 02573cam a22004814i 4500 | ||
|---|---|---|---|
| 003 | PE-LiUPU | ||
| 005 | 20250731184119.0 | ||
| 008 | 150616s1987 ck r 000 0 spa d | ||
| 020 | _a9580600023 | ||
| 020 | _a9789580600022 | ||
| 035 | _a(Sirsi) i9789580600022 | ||
| 040 |
_aPE-LiUPU _bspa _cPE-LiUPU _erda |
||
| 049 | _aPRUA | ||
| 082 | 0 | 4 |
_a869.082 _bM/ G25 _221 |
| 100 | 1 |
_aGarcia Marquez, Gabriel, _d1927-, _eautor. |
|
| 245 | 1 | 0 |
_aCien años de soledad / _cGabriel García Márquez. |
| 264 | 1 |
_aBogotá, Colombia : _bOveja Negra, _c1987. |
|
| 300 |
_a325 páginas ; _c22 centímetros. |
||
| 336 |
_atext _2rdacontent |
||
| 337 |
_aunmediated _2rdamedia |
||
| 338 |
_avolume _2rdacarrier |
||
| 490 | 0 | _aMaestros de la Literatura Universal | |
| 505 | 0 | _aObra completa. | |
| 526 | _aP145 | ||
| 526 | _aP127 | ||
| 526 | _aP97 | ||
| 526 | _aP14 | ||
| 526 | _aP07 | ||
| 650 | 0 | 4 |
_aNovelas colombianas _ySiglo XX. |
| 910 |
_ajck _bjvq _cjck |
||
| 942 |
_2ddc _cBOOK |
||
| 949 |
_a869.082 M G25 _wDEWEY _c1 _i43124 _lCCODEBUL1 _mBUL _r0 _sY _tBOOK _u2015-6-16 _xEDUCACION _PP20 _0COMPRA _o.STAFF. Colección Ciencias Humanas y Educación |
||
| 949 |
_a869.082 M G25 _wDEWEY _c2 _i47469 _lCCODEBUL1 _mBUL _r0 _sY _tBOOK _u2015-6-16 _xEDUCACION _PP20 _0COMPRA _o.STAFF. Colección Ciencias Humanas y Educación |
||
| 949 |
_a869.082 M G25 _wDEWEY _c3 _i43122 _lCCODEBUL1 _mBUL _r0 _sY _tBOOK _u2015-6-16 _xEDUCACION _PP20 _0COMPRA _o.STAFF. Colección Ciencias Humanas y Educación |
||
| 949 |
_a869.082 M G25 _wDEWEY _c4 _i43123 _lCCODEBUL1 _mBUL _r0 _sY _tBOOK _u2015-6-16 _xEDUCACION _PP20 _0COMPRA _o.STAFF. Colección Ciencias Humanas y Educación |
||
| 994 |
_aC0 _bPEPRU |
||
| 596 | _a1 | ||
| 999 |
_a869.082 M G25 _wDEWEY _c61084 _i43124 _d61084 _e2022-6-21 _f2021-11-9 _g7 _lCCODEBUL1 _mBUL _n3 _p15.00 _q1 _r0 _sY _tBOOK _u2015-6-16 _xEDUCACION _PP20 _0COMPRA _o.STAFF. Colección Ciencias Humanas y Educación |
||
| 999 |
_a869.082 M G25 _wDEWEY _c2 _i47469 _d2019-4-29 _e2019-4-22 _f2022-3-1 _g4 _lCCODEBUL1 _mBUL _n2 _p15.00 _q1 _r0 _sY _tBOOK _u2015-6-16 _xEDUCACION _PP20 _0COMPRA _o.STAFF. Colección Ciencias Humanas y Educación |
||
| 999 |
_a869.082 M G25 _wDEWEY _c3 _i43122 _d2017-9-4 _e2017-9-4 _f2017-2-16 _g1 _lLOST _mBUL _n1 _p15.00 _r1 _sY _tBOOK _u2015-6-16 _xEDUCACION _PP20 _0COMPRA _o.STAFF. Colección Ciencias Humanas y Educación |
||
| 999 |
_a869.082 M G25 _wDEWEY _c4 _i43123 _f2021-11-5 _g5 _lCCODEBUL1 _mBUL _p15.00 _r0 _sY _tBOOK _u2015-6-16 _xBIBLIOTECA _PP20 _0COMPRA _o.STAFF. Colección Ciencias Humanas y Educación |
||
| 980 |
_81 _gALBERTO SANCHEZ Responsable de Automatización |
||